Los dos marxismos : (Record no. 80346)

MARC details
000 -CABECERA
campo de control de longitud fija 00788nam a2200229 a 4500
005 - FECHA Y HORA DE LA ÚLTIMA TRANSACCIÓN
campo de control 20210223124107.0
008 - ELEMENTOS DE LONGITUD FIJA--INFORMACIÓN GENERAL
campo de control de longitud fija 010518s19831989 r 000 0 eng d
020 ## - NÚMERO INTERNACIONAL NORMALIZADO PARA LIBROS
Número Internacional Estándar del Libro 8420623547
035 ## - NÚMERO DE CONTROL DEL SISTEMA
Número de control de sistema UPN01000106434
049 ## - COLECCIÓN
Colección CG
050 #4 - SIGNATURA TOPOGRÁFICA DE LA BIBLIOTECA DEL CONGRESO
Número de clasificación HX36
Número de documento/Ítem G6.28
100 10 - ASIENTO PRINCIPAL--NOMBRE PERSONAL
Nombre de persona Gouldner, Alvin Ward,
Fechas asociadas al nombre 1920-1980.
245 14 - MENCIÓN DE TÍTULO
Título Los dos marxismos :
Resto del título contradicciones y anomalías en el desarrollo de la teoría /
Mención de responsabilidad, etc. Alvin W. Gouldner ; tr. de Néstor A. Miguez.
260 ## - PUBLICACIÓN, DISTRIBUCIÓN, ETC.
Lugar de publicación, distribución, etc. Madrid :
Nombre del editor, distribuidor, etc. Alianza,
Fecha de publicación, distribución, etc. 1983 (1989 impr.).
300 ## - DESCRIPCIÓN FÍSICA
Extensión 418p.
440 #0 - MENCIÓN DE SERIE/ASIENTO SECUNDARIO--TÍTULO
Título Alianza universidad ;
Designación de volumen o secuencia 354
590 ## - NOTA LOCAL (RLIN)
Nota local (También localizas un ejemplar en el "Area de Reserva")
590 ## - NOTA LOCAL (RLIN)
Nota local Bibliografía Básica (BGTQ)
650 #4 - ASIENTO SECUNDARIO DE MATERIA - TERMINO TEMATICO
Término de materia o nombre geográfico como elemento de entrada COMUNISMO -
Subdivisión general HISTORIA
9 (RLIN) 9897
650 #4 - ASIENTO SECUNDARIO DE MATERIA - TERMINO TEMATICO
Término de materia o nombre geográfico como elemento de entrada SOCIALISMO -
Subdivisión general HISTORIA
9 (RLIN) 18141
905 ## - TIPO DE MATERIAL
Tipo de material Libro
Holdings
Estado de retiro Estado de pérdida Fuente del sistema de clasificación o colocación Estado dañado Restricciones de uso No para préstamo Código de colección Localización permanente Ubicación/localización actual Ubicación en estantería Fecha de adquisición Clasificación Código de barras Fecha visto por última vez Número de copia Tipo de ítem Koha
    Library of Congress Classification   Préstamo por horas   Bibliografía básica Bib. Gregorio Torres Quintero Bib. Gregorio Torres Quintero Colecciones especiales Planta alta 30/01/2023 HX36 G6.28 179971 31/12/2020 1 Libro por horas